| 000 | 00847nam a2200229Ia 4500 | ||
|---|---|---|---|
| 003 | GCL | ||
| 008 | 140319s9999 xx 000 0 ara d | ||
| 020 | _a9108099906 | ||
| 040 |
_aGCL / _cGCL |
||
| 082 | 0 | 4 |
_a576.53 _bم ع |
| 100 | 1 | _aموسى الخلف | |
| 245 | 1 | 0 |
_aالعصر الجينومى : _bاستراتيجيات المستقبل البشرى / _cموسى الخلف |
| 260 |
_aالكويت : _bالمجلس الوطنى للثقافة والفنون والاداب ، _c2003 |
||
| 300 |
_a238 ص ؛ _c22 سم |
||
| 490 |
_aعالم المعرفة _v294 |
||
| 650 | 0 | 4 | _aالامراض الوراثية |
| 650 | 0 | 4 | _aالوراثة |
| 650 | 0 | 4 | _aالهندسة الوراثية |
| 650 | 0 | 4 | _aالكروموسومات - علم الوراثة |
| 650 | 0 | 4 | _aالوراثة، العوامل المؤثرة فى |
| 942 |
_2ddc _cBK |
||
| 999 |
_c5861 _d5861 |
||